[Event "Foment Martinenc op-B 15th"]
[Site "Barcelona"]
[Date "2013.06.15"]
[Round "9"]
[White "Fuente Pulido, Aitor"]
[Black "Labad Ameneda, Ricard"]
[Result "1-0"]
[WhiteElo "1700"]
[BlackElo "1700"]
[PlyCount "109"]
[EventDate "2013.04.20"]
[EventType "swiss"]
[EventRounds "9"]
[EventCountry "ESP"]
[SourceTitle "CBM 154 Extra"]
[Source "ChessBase"]
[SourceDate "2013.06.25"]
[SourceVersion "2"]
[SourceVersionDate "2013.06.25"]
[SourceQuality "1"]

1. e4 c5 2. Nf3 Nc6 3. d4 cxd4 4. Nxd4 g6 5. Bc4 Bg7 6. Qf3 Ne5 7. Qb3 Nxc4 8. Qxc4 Nf6 9. Nc3 0-0 10. h3 Qb6 11. Be3 Qd6 12. 0-0-0 Qe5 13. Ndb5 a6 14. Nc7 Ra7 15. Bxa7 b5 16. Qc5 Qf4+ 17. Rd2 Nxe4 18. Nxe4 Qxe4 19. f3 Qa4 20. Qa3 Qxa3 21. bxa3 Bh6 22. Nd5 Bxd2+ 23. Kxd2 d6 24. Nxe7+ Kg7 25. Bd4+ f6 26. Nxc8 Rxc8 27. Re1 Kf7 28. Re4 h5 29. Rf4 f5 30. g4 hxg4 31. fxg4 Ke6 32. gxf5+ gxf5 33. h4 Rg8 34. Rf2 Rg4 35. Re2+ Kd5 36. Bf2 Rg2 37. Be1 Rxe2+ 38. Kxe2 Ke6 39. Kf3 Kf6 40. Ke3 Kg6 41. Kd4 Kf6 42. Kd5 Ke7 43. Kc6 Ke6 44. Kb6 Ke5 45. h5 f4 46. h6 Kf6 47. Bd2 f3 48. Be3 Kg6 49. Kxa6 f2 50. Bxf2 Kxh6 51. Kxb5 Kg7 52. a4 Kf8 53. a5 Ke8 54. Kb6 Kd8 55. Kb7 1-0

[Event "Foment Martinenc op-B 15th"]
[Site "Barcelona"]
[Date "2013.06.01"]
[Round "7"]
[White "Fuente Pulido, Aitor"]
[Black "Bover Sanjuan, Jordi"]
[Result "0-1"]
[WhiteElo "1700"]
[BlackElo "1559"]
[PlyCount "56"]
[EventDate "2013.04.20"]
[EventType "swiss"]
[EventRounds "9"]
[EventCountry "ESP"]
[SourceTitle "CBM 154 Extra"]
[Source "ChessBase"]
[SourceDate "2013.06.25"]
[SourceVersion "2"]
[SourceVersionDate "2013.06.25"]
[SourceQuality "1"]

1. e4 c5 2. Nf3 Nc6 3. Bc4 Nf6 4. Nc3 a6 5. d4 cxd4 6. Nxd4 b5 7. Bb3 Bb7 8. Bf4 b4 9. e5 bxc3 10. exf6 cxb2 11. Rb1 exf6 12. Rxb2 Bb4+ 13. Bd2 Qe7+ 14. Ne2 0-0 15. 0-0 Qe4 16. Bxb4 Nxb4 17. f3 Qe3+ 18. Kh1 d5 19. c3 Nd3 20. Rd2 Nf2+ 21. Rxf2 Qxf2 22. Nf4 Qc5 23. Bxd5 Bxd5 24. Nxd5 Rad8 25. Ne3 Rxd2 26. Qxd2 Re8 27. Qd5 Qxd5 28. Nxd5 Re1# 0-1

[Event "Foment Martinenc op-B 15th"]
[Site "Barcelona"]
[Date "2013.04.20"]
[Round "1"]
[White "Lopez Mayoral, Miguel Angel"]
[Black "Fuente Pulido, Aitor"]
[Result "1-0"]
[WhiteElo "1645"]
[BlackElo "1700"]
[PlyCount "47"]
[EventDate "2013.04.20"]
[EventType "swiss"]
[EventRounds "9"]
[EventCountry "ESP"]
[SourceTitle "CBM 154 Extra"]
[Source "ChessBase"]
[SourceDate "2013.06.25"]
[SourceVersion "2"]
[SourceVersionDate "2013.06.25"]
[SourceQuality "1"]

1. e4 e5 2. f4 Nc6 3. Nf3 d6 4. Bc4 Nf6 5. Ng5 d5 6. exd5 Nxd5 7. Nc3 exf4 8. Qe2+ Be6 9. Nxd5 Be7 10. Nxe6 fxe6 11. Nxe7 Qxe7 12. Qxe6 Qxe6+ 13. Bxe6 Nd4 14. Bb3 0-0-0 15. 0-0 Ne2+ 16. Kh1 Rhe8 17. d3 g5 18. Bd2 Rf8 19. Rae1 Nd4 20. Bb4 Rfe8 21. Be7 Rd7 22. Bxg5 Rxe1 23. Rxe1 f3 24. Re8+ 1-0